ბათუმის შოთა რუსთაველის სახელმწიფო უნივერსიტეტის ბიბლიოთეკა

Radio Propagation for Modern Wireless System / (ბიბ.ჩანაწერი № 41114)

000 -LEADER
fixed length control field 00732nam a2200217Ia 4500
001 - CONTROL NUMBER
control field 7764
003 - CONTROL NUMBER IDENTIFIER
control field GE_BSU
005 - DATE AND TIME OF LATEST TRANSACTION
control field 20221116112158.0
008 - FIXED-LENGTH DATA ELEMENTS--GENERAL INFORMATION
fixed length control field 181216s2000en xx |||||||||||||| ||eng||
020 ## - INTERNATIONAL STANDARD BOOK NUMBER
International Standard Book Number 0130263737 x
040 ## - CATALOGING SOURCE
Transcribing agency GE_BSU
041 ## - LANGUAGE CODE
Language code of text/sound track or separate title eng
080 ## - UNIVERSAL DECIMAL CLASSIFICATION NUMBER
Universal Decimal Classification number 621.384/11 B-45
100 ## - MAIN ENTRY--PERSONAL NAME
Personal name Bertoni,Henry L.
9 (RLIN) 14737
245 ## - TITLE STATEMENT
Title Radio Propagation for Modern Wireless System /
Statement of responsibility, etc. Henry L. Bertoni
264 ## - PRODUCTION, PUBLICATION, DISTRIBUTION, MANUFACTURE, AND COPYRIGHT NOTICE
Place of production, publication, distribution, manufacture London:
Name of producer, publisher, distributor, manufacturer Prentice Hall PTR,
Date of production, publication, distribution, manufacture, or copyright notice 2000.
300 ## - PHYSICAL DESCRIPTION
Extent 258 p. ;
Other physical details Ill.
Dimensions 25 cm.
653 ## - INDEX TERM--UNCONTROLLED
keyword Radio Propagation for Modern Wireless System
653 ## - INDEX TERM--UNCONTROLLED
keyword რადიო გავრცელება თანამედროვე უსადენო სისტემისთვის
942 ## - ADDED ENTRY ELEMENTS (KOHA)
Koha item type წიგნი
Source of classification or shelving scheme
ეგზემპლარები
Withdrawn status Lost status Source of classification or shelving scheme Damaged status Not for loan Permanent Location Current Location Shelving location Date acquired Cost, normal purchase price Full call number Barcode Date last seen Copy number Price effective from Koha item type Public note
          ბათუმის შოთა რუსთაველის სახელმწიფო უნივერსიტეტის მთავარი ბიბლიოთეკა ტექნოლოგიური ფაკულტეტის ბიბლიოთეკა წიგნსაცავი 2018-12-17 195.00 621.384/11 B-45 24128 2018-12-17 24128 2018-12-17 წიგნი 195gel.